Paises mas poblados de Hispanoamerica - Estadísticas

Estadísticas generales
  • Esta prueba ha sido intentada 59 veces
    37 desde el último reinicio
  • La puntuación promedio es 8 de 8
Estadísticas de respuestas
Población País % Correcto
45 millones( Tercer pais mas poblado de Hispanoamerica y con una poblacion similar a Argelia, España y Uganda) Argentina
100%
51 millones(Es el segundo pais mas habitado de Sudamerica y el tercero de Latino america) Colombia
100%
28 millones(Quinto pais mas poblado de Hispanoamerica a pesar de las emigraciones, donde sus habitantes salen del pais para buscar mejores oportunidades y calidad de vida en otros destinos) Venezuela
100%
19 millones(Sexto pais mas poblado de Hispanoamerica, con una poblacion similar a Kazajistan y Malaui) Chile
97%
33 millones( Cuarto pais mas poblado de Hispanoamerica y con una poblacion similar a Malasia, Afganistan y Angola) Perú
97%
16.9 millones(Octavo pais mas poblado de Hispanoamerica con una similar poblacional a la de Guatemala y Camboya) Ecuador
94%
129 millones(Es el decimo pais mas poblado del mundo y el mayor de los paises hispanohablantes). México
94%
17 millones(Septimo pais mas poblado de Hispanoamerica y de toda Centroamerica , con una poblacion similar a la de Ecuador y Paises Bajos) Guatemala
92%
No se encontraron pruebas coincidentes
Distribución de puntuación
Porcentaje de gente con cada puntuación
Porcentaje por número respondido
Historial de tus puntuaciones
No has intentado esta prueba desde el último reinicio